000 00682nam a2200241Ia 4500
003 OSt
005 20220926005502.0
006 a|||||r|||| 00| 0
007 ta
008 220923b |||||||| |||| 00| 0 eng d
037 _cGeneral Book
040 _aRTL
_cRTL
_beng
041 _2eng
_aeng
082 _aY72GA.245.N7, L7
100 _aShashi S S
_9135836
245 0 _aGaddi tribe of Himachal Pradesh
_b A sociological st
260 _a New Delhi
_bSterling
_c1977
300 _a199p
_ccm.
500 _aBibliography: p 192-96
650 _aTribal Sociology
942 _hY72GA.245.N7, L7
_cGB
_2CC
999 _c613997
_d613997